Espárragos para dos leones / (Registro nro. 4623)

Detalles MARC
000 -LEADER
fixed length control field 00934nam a2200241Ia 4500
003 - CONTROL NUMBER IDENTIFIER
control field OSt
005 - DATE AND TIME OF LATEST TRANSACTION
control field 20250415142928.0
008 - FIXED-LENGTH DATA ELEMENTS--GENERAL INFORMATION
fixed length control field 191128s1999 ck er 000 f pa d
020 ## - INTERNATIONAL STANDARD BOOK NUMBER
International Standard Book Number 9586147843
040 ## - CATALOGING SOURCE
Original cataloging agency CO-JMCR
Transcribing agency CO-JMCR
041 ## - LANGUAGE CODE
Language code of text/sound track or separate title spa
082 04 - DEWEY DECIMAL CLASSIFICATION NUMBER
Classification number A-N
Item number IRIe
100 1# - MAIN ENTRY--PERSONAL NAME
Personal name Iriarte, Alfredo,
Relator term autor
9 (RLIN) 7168
245 10 - TITLE STATEMENT
Title Espárragos para dos leones /
Statement of responsibility, etc. Alfredo Iriate
250 ## - EDITION STATEMENT
Edition statement Tercera edición
260 ## - PUBLICATION, DISTRIBUTION, ETC.
Place of publication, distribution, etc. Bogotá :
Name of publisher, distributor, etc. Planeta colombiana editorial,
Date of publication, distribution, etc. 1999
300 ## - PHYSICAL DESCRIPTION
Extent 272 páginas ;
Dimensions 24 cm.
490 0# - SERIES STATEMENT
Series statement Seix Barral Biblioteca Breve
500 ## - GENERAL NOTE
General note Incluye datos biográficos del autor en solapa frontal.
520 ## - SUMMARY, ETC.
Summary, etc. Esta novela pertenece al linaje privilegiado de los libros que el lector abre y no quiere cerrar hasta que cae el telón de la última página. En la presente obra tal efecto se presenta gracias a la diestra conbinación del humor negro
650 14 - SUBJECT ADDED ENTRY--TOPICAL TERM
Topical term or geographic name entry element Humor negro
9 (RLIN) 7169
942 ## - ADDED ENTRY ELEMENTS (KOHA)
Source of classification or shelving scheme Dewey Decimal Classification
Koha item type Books
Existencias
Withdrawn status Lost status Source of classification or shelving scheme Damaged status Not for loan Collection code Home library Current library Date acquired Source of acquisition Total Checkouts Full call number Barcode Date last seen Date last checked out Copy number Koha item type
    Dewey Decimal Classification     Fiction Biblioteca Pública José María del Castillo y Rada Biblioteca Pública José María del Castillo y Rada 11/28/2019 Donación 1 A-N IRIe 201809562 04/11/2025 04/10/2025 Ej.1 Books